| 000 | 00776cam a22001694a 4500 | ||
|---|---|---|---|
| 005 | 20250605164347.0 | ||
| 008 | 250528s ||||||||||||||||||||||||d | ||
| 035 | _a23950 | ||
| 040 |
_aGR-AtMCL _bgre _dGR-AtMCL _eAACR2 |
||
| 245 | 1 | _aΤο Aperol Άκουσε το Κοινό του και Απάντησε Δημιουργικά / COCA COLA 3E | |
| 260 | _c2018 | ||
| 520 | _aData Privacy και Al Διαμορφώνουν το Μέλλον του Digital Marketing, Νέες Περιστάσεις Κατανάλωσης και Εμπειρία Μοναδικότητας σε Καθεμία Ξεχωριστά, Μην Προσαρμοστείς για Κανένα Λόγο. | ||
| 710 | 2 |
_aMarketing Week _99824 |
|
| 942 | _cCR | ||
| 999 |
_c8861 _d8861 |
||